The Planning (Listed Buildings and Conservation Areas) (Amendment) (England) Regulations 2009 (Record no. 110042)

MARC details
000 -LEADER
fixed length control field 01186cad a22002535a 4500
001 - CONTROL NUMBER
control field E148417
008 - FIXED-LENGTH DATA ELEMENTS--GENERAL INFORMATION
fixed length control field 090915s2009 xxk l f000 0 eng u
035 ## - SYSTEM CONTROL NUMBER
System control number (Sirsi) u148417
041 0# - LANGUAGE CODE
Language code of text/sound track or separate title eng
050 04 - LIBRARY OF CONGRESS CALL NUMBER
Classification number 711.1 $2 18
110 2# - MAIN ENTRY--CORPORATE NAME
Corporate name or jurisdiction name as entry element United Kingdom
Form subheading Laws, etc.
9 (RLIN) 5044
245 04 - TITLE STATEMENT
Title The Planning (Listed Buildings and Conservation Areas) (Amendment) (England) Regulations 2009
Medium [electronic resource]
260 ## - PUBLICATION, DISTRIBUTION, ETC.
Place of publication, distribution, etc. London
Name of publisher, distributor, etc. OPSI
Date of publication, distribution, etc. 2009
490 #0 - SERIES STATEMENT
Series statement SI
Volume/sequential designation 2009: 2262
520 ## - SUMMARY, ETC.
Summary, etc. These Regulations amend, in relation to England, regulations 3 and 3A of the Planning (Listed Buildings and Conservation Areas) Regulations 1990 (S.I. 1990: 1519), relating to applications for listed building and conservation area consent. Comes into force on 1 October 2009.
521 ## - TARGET AUDIENCE NOTE
Target audience note Advanced
590 ## - LOCAL NOTE (RLIN)
Local note KA
650 24 - SUBJECT ADDED ENTRY--TOPICAL TERM
Topical term or geographic name entry element PLANNING ACT 2008
650 24 - SUBJECT ADDED ENTRY--TOPICAL TERM
Topical term or geographic name entry element PLANNING (LISTED BUILDINGS AND CONSERVATION AREAS) (AMENDMENT) (ENGLAND) REGULATIONS 2009
651 #4 - SUBJECT ADDED ENTRY--GEOGRAPHIC NAME
Geographic name England
Chronological subdivision 886-
690 ## - LOCAL SUBJECT ADDED ENTRY--TOPICAL TERM (OCLC, RLIN)
Topical term or geographic name as entry element ENVIRONMENTAL AND LAND CONSULTANCY-PLANNING AND DEVELOPMENT
856 40 - ELECTRONIC LOCATION AND ACCESS
Uniform Resource Identifier <a href="https://www.opsi.gov.uk/si/si2009/uksi_20092262_en_1">https://www.opsi.gov.uk/si/si2009/uksi_20092262_en_1</a>
Public note View the Regulations free of charge at www.opsi.gov.uk...
942 ## - ADDED ENTRY ELEMENTS (KOHA)
Suppress in OPAC 0
Holdings
Withdrawn status Lost status Source of classification or shelving scheme Damaged status Not for loan Home library Current library Shelving location Date acquired Total Checkouts Full call number Barcode Date last seen Copy number Price effective from Koha item type
    Dewey Decimal Classification     Virtual Virtual Online 15/09/2009   ONLINE PUBLICATION 148417-2001 06/08/2019 1 06/08/2019 Book